000 00347nam a2200133Ia 4500
008 151001s9999||||xx |||||||||||||| ||und||
100 _aकुंटे जगन्नाथ
245 _aनित्य निरंजन
250 _a1
260 _bप्राजक्त
260 _c2009
300 _a224
365 _b21
999 _c994533
_d994530